000 00995nam a22003497a 4500
001 BR0703225
003 BR-BrBNA
005 20230928102457.0
007 ta
008 230509b bl.||||| |||| 00| 0 por d
040 _aBR-BrBNA
_bpor
_cBiblioteca Nacional de Agricultura
041 _a(Por)
072 _aF04; L02
_b1930
_b1910
_b5212
090 _ 1930 BR0703225
100 1 _aPaulino, V.T.
100 1 _aFerreira, L.G.
110 1 _aInstituto de Zootecnia, Nova Odessa, SP (Brasil)
_96281
245 1 _aRecuperação de pastagens
250 1 _a2. ed.
260 3 _aNova Odessa, SP (Brasil):
_c1999.
300 _a106 p.
500 _aSummaries (Eng, Por); Several bibliography; 46 tables; 18 illus.
650 _aPASTAGEM
650 _aADUBAÇÃO
650 _aROTAÇÃO DE CULTURA
650 _aTRANSFERÊNCIA DE TECNOLOGIA
650 _aBOVINO
650 _aGANHO DE PESO
650 _aCOMPOSIÇÃO QUÍMICA
909 _a202309
_bLucia
_c55
_dLucia Elande
942 _cBK
999 _c70964
_d70964